ARRUPE JESUIT UNIVERSITY

CORONAVIRUS -STOP THE SPREAD - CLEAN,DISINFECT,COVER

The first Ethiopians : (Record no. 117800)

MARC details
000 -LEADER
fixed length control field 01310cam a2200397Ia 4500
001 - CONTROL NUMBER
control field 7734931
003 - CONTROL NUMBER IDENTIFIER
control field ARRUPE
005 - DATE AND TIME OF LATEST TRANSACTION
control field 20130917115440.0
008 - FIXED-LENGTH DATA ELEMENTS--GENERAL INFORMATION
fixed length control field 091211s2009 sa abf b 001 0 eng d
020 ## - INTERNATIONAL STANDARD BOOK NUMBER
International Standard Book Number 1868144992
020 ## - INTERNATIONAL STANDARD BOOK NUMBER
International Standard Book Number 9781868144990
024 ## - OTHER STANDARD IDENTIFIER
Standard number or code 40017690444
035 ## - SYSTEM CONTROL NUMBER
System control number (OCoLC)ocn477218537
035 ## - SYSTEM CONTROL NUMBER
System control number (OCoLC)477218537
035 ## - SYSTEM CONTROL NUMBER
System control number (NNC)7734931
040 ## - CATALOGING SOURCE
Original cataloging agency OH#
Transcribing agency OH#
Modifying agency YDXCP
-- FQG
050 #4 - LIBRARY OF CONGRESS CALL NUMBER
Classification number DE73.2.E85
Item number V35 2009
082 #4 - DEWEY DECIMAL CLASSIFICATION NUMBER
Classification number 939.78
300 ## - PHYSICAL DESCRIPTION
Other physical details ill. (some col.), map ;
Dimensions 23 cm.
100 1# - MAIN ENTRY--PERSONAL NAME
Personal name Van Wyk Smith, Malvern.
9 (RLIN) 215
245 14 - TITLE STATEMENT
Title The first Ethiopians :
Remainder of title the image of Africa and Africans in the early Mediterranean world /
Statement of responsibility, etc Malvern van Wyk Smith.
260 ## - PUBLICATION, DISTRIBUTION, ETC. (IMPRINT)
Place of publication, distribution, etc Johannesburg :
Name of publisher, distributor, etc Wits University Press,
Date of publication, distribution, etc 2009.
300 ## - PHYSICAL DESCRIPTION
Extent xi, 528 p., [16] p. of plates :
504 ## - BIBLIOGRAPHY, ETC. NOTE
Bibliography, etc Includes bibliographical references and index.
650 #0 - SUBJECT ADDED ENTRY--TOPICAL TERM
Topical term or geographic name as entry element Africans
Geographic subdivision Mediterranean Region
General subdivision History.
9 (RLIN) 216
650 #0 - SUBJECT ADDED ENTRY--TOPICAL TERM
Topical term or geographic name as entry element Africans in art.
9 (RLIN) 217
650 #0 - SUBJECT ADDED ENTRY--TOPICAL TERM
Topical term or geographic name as entry element Africans in literature.
9 (RLIN) 218
650 #0 - SUBJECT ADDED ENTRY--TOPICAL TERM
Topical term or geographic name as entry element Racism
Geographic subdivision Egypt.
9 (RLIN) 219
651 #0 - SUBJECT ADDED ENTRY--GEOGRAPHIC NAME
Geographic name Nubia
General subdivision History.
9 (RLIN) 220
651 #0 - SUBJECT ADDED ENTRY--GEOGRAPHIC NAME
Geographic name Ethiopia
General subdivision History.
9 (RLIN) 221
651 #0 - SUBJECT ADDED ENTRY--GEOGRAPHIC NAME
Geographic name Egypt
General subdivision History.
9 (RLIN) 222
651 #0 - SUBJECT ADDED ENTRY--GEOGRAPHIC NAME
Geographic name Egypt
General subdivision Antiquities.
9 (RLIN) 223
651 #0 - SUBJECT ADDED ENTRY--GEOGRAPHIC NAME
Geographic name Africa
General subdivision Antiquities.
9 (RLIN) 224
942 ## - ADDED ENTRY ELEMENTS (KOHA)
Source of classification or shelving scheme Library of Congress Classification
Koha item type Monograph ( Printed materials)
948 1# - LOCAL PROCESSING INFORMATION (OCLC); SERIES PART DESIGNATOR (RLIN)
Series part designator, SPT (RLIN) 20100423
b (OCLC) c
c (OCLC) sl13
d (OCLC) MPS
Holdings
Withdrawn status Lost status Source of classification or shelving scheme Damaged status Not for loan Home library Current library Date acquired Total Checkouts Full call number Barcode Date last seen Date checked out Price effective from Koha item type
    Library of Congress Classification     ARRUPE LIBRARY ARRUPE LIBRARY 17/09/2013 1 DE73.2.E8 V35 2009 46411878 05/11/2021 24/07/2019 17/09/2013 Monograph ( Printed materials)

 

Arrupe Library. PO Box MP320 Mt Pleasant, Harare, Zimbabwe
263 242 745411|librarian@aju.ac.zw